| 000 | 00963nam a2200241 a 4500 | ||
|---|---|---|---|
| 999 |
_c11090 _d11090 |
||
| 001 | 11090 | ||
| 003 | BD-JhCC | ||
| 005 | 20190728183245.0 | ||
| 008 | 190628s20032013bg |||| |||| 000 0 ben d | ||
| 020 | _a9844151619 | ||
| 035 | _a(BD-JhCC)11090 | ||
| 040 |
_aBD-JhCC _dBD-JhCC |
||
| 041 | _aben | ||
| 082 |
_a190.9 _bRAS 2013 |
||
| 100 | _aরাসেল, বার্ট্রান্ড | ||
| 245 |
_aপাশ্চাত্য দর্শনের ইতিহাস : _bআধুনিক দর্শণ / _cবার্ট্রান্ড রাসেল, অনুবাদক ডক্টর প্রদীপ রায় |
||
| 260 |
_aঢাকা : _bঅবসর, _c২০১৩. |
||
| 300 |
_a১৯৯ পৃ. : _c২২ সেমি. |
||
| 504 | _aনির্দেশিকা অর্ন্তভূক্ত। | ||
| 650 |
_aPhilosophy _xHistory |
||
| 700 | _aরায়, ডক্টর প্রদীপ | ||
| 942 |
_2ddc _cBK |
||